000 00594nam a2200205 i 4500
001 96188
003 ES-MaACL
005 20230906181848.0
007 t|
008 050613s1967 sp ||||1| spa d
100 1 _aMaertens, Thierry.
_9184379
245 1 0 _aPastoral de la misa a la luz de la tradición /
_cThiery Maertens.
260 _aBarcelona :
_bJuan Flores,
_c1967.
300 _aXII, 217 p. ;
_c22 cm.
490 1 _aLecciones de pastoral ;
_v13
650 0 4 _aMisa.
_915074
830 1 _aLecciones de pastoral ;
_v13
_9184018
852 _aES-MaACL
_jC-33975
999 _c96188
_d96188